French People - Sudden Death - Statistics

General Stats
  • This quiz has been taken 28,964 times
    27,070 since last reset
  • The average score is 11 of 20
Answers on the Grid
Answers color-coded by a green-red scale on the quiz's grid according to % correct below.
Agatha Christie
Alexandre Dumas
Alfred Dreyfus
Andre the Giant
Anthony Bourdain
Antoine Griezmann
Brigitte Bardot
Cardinal Richelieu
Claude Monet
Coco Chanel
David Guetta
Édith Piaf
Ferdinand Foch
François Duvalier
Harry Houdini
Henry Dunant
Jacques Brel
Jean Chrétien
Jean Sibelius
Joan of Arc
John Calvin
Louis Pasteur
Marion Cotillard
Mata Hari
Nicolas Sarkozy
René Descartes
René Magritte
Sophia Loren
Stromae
Victor Wembanyama
Voltaire
Zinedine Zidane
 
Answer Stats
Answer % Correct
Claude Monet
82%
Joan of Arc
77%
Coco Chanel
72%
Alexandre Dumas
71%
Brigitte Bardot
65%
René Descartes
65%
Édith Piaf
63%
Louis Pasteur
63%
Voltaire
63%
Cardinal Richelieu
59%
Antoine Griezmann
57%
Zinedine Zidane
54%
Nicolas Sarkozy
52%
David Guetta
49%
Andre the Giant
47%
Marion Cotillard
44%
Alfred Dreyfus
42%
Victor Wembanyama
34%
Ferdinand Foch
23%
John Calvin
13%
No matching quizzes found
Score Distribution
Percent of People with Each Score
Percentile by Number Answered
Your Score History
You have not taken this quiz since the last reset